000 01609nam a2200301Ia 4500
001 ebr10176191
003 CaPaEBR
006 m u
007 cr cn|||||||||
008 070717s2007 dcua sb 000 0 eng d
020 _z9780309103497
020 _z0309103495
040 _aCaPaEBR
_cCaPaEBR
035 _a(OCoLC)162130502
050 1 4 _aQC869.4.U6
_bS77 2007eb
245 0 0 _aStrategic guidance for the National Science Foundation's support of the atmospheric sciences
_h[electronic resource] /
_cCommittee on Strategic Guidance for the NSF's Support of the Atmospheric Sciences, Board on Atmospheric Sciences and Climate, Division on Earth and Life Studies, National Research Council of the National Academies.
260 _aWashington, D.C. :
_bNational Academies Press,
_cc2007.
300 _axv, 199 p. :
_bill. (some col.)
504 _aIncludes bibliographical references (p. 170-178).
533 _aElectronic reproduction.
_bPalo Alto, Calif. :
_cebrary,
_d2009.
_nAvailable via World Wide Web.
_nAccess may be limited to ebrary affiliated libraries.
610 2 0 _aNational Science Foundation (U.S.)
_xAppropriations and expenditures.
650 0 _aAtmospheric physics
_xResearch
_zUnited States.
655 7 _aElectronic books.
_2local
710 2 _aNational Research Council (U.S.).
_bCommittee on Strategic Guidance for the NSF's Support of the Atmospheric Sciences.
710 2 _aNational Academies Press (U.S.)
710 2 _aebrary, Inc.
856 4 0 _uhttp://site.ebrary.com/lib/rucke/Doc?id=10176191
_zAn electronic book accessible through the World Wide Web; click to view
999 _c141507
_d141507